| 000 | 00528nam a2200205 b 4500 | ||
|---|---|---|---|
| 003 | OSt | ||
| 005 | 20150318165156.0 | ||
| 008 | 961213s1988 slv spa | ||
| 020 | _a84-233-0971-1 | ||
| 040 | _cBMC | ||
| 082 | _a863 | ||
| 100 | 1 |
_929336 _aSender, Ramón J. _d1901-1982 |
|
| 245 | 1 | 3 |
_aEl bandido adolescente _cRamón J. Sender |
| 250 | _a7ª ed | ||
| 260 |
_aBarcelona _bDestino _cD.L. 1988 |
||
| 300 |
_a252 p. _c18 cm |
||
| 490 |
_aDestinolibro _v50 |
||
| 650 | 2 | 4 |
_929289 _aNovela española |
| 942 |
_2ddc _cBK |
||
| 999 |
_c18362 _d18362 |
||